000
00329nam a2200133Ia 4500
008
230818s1988 xx 000 0 und d
041
_a
eng
100
_a
Jones
245
_a
Food Service Operations
260
_b
Cassell
_c
1988
300
_a
270p
520
_a
Hard Board | Reference Copy
999
_c
854051
_d
854051
650
_a
Food and Beverage service